[Event "Mittelrhein Regionalliga 1920"]
[Site "Mittelrhein"]
[Date "2020.02.16"]
[Round "6.6"]
[White "Thiemonds, Uli"]
[Black "Viganske, Christian"]
[Result "0-1"]
[WhiteElo "2001"]
[BlackElo "2003"]
[PlyCount "114"]
[EventDate "2019.09.29"]
[EventType "team-tourn"]
[EventRounds "9"]
[EventCountry "GER"]
[SourceTitle "EXT 2023"]
[Source "ChessBase"]
[SourceDate "2022.10.05"]
[SourceVersion "1"]
[SourceVersionDate "2022.10.05"]
[SourceQuality "1"]
[WhiteTeam "Koeln Porz III"]
[BlackTeam "Euskirchen Turm"]
[WhiteTeamCountry "GER"]
[BlackTeamCountry "GER"]

1. e4 c5 2. c3 Nf6 3. e5 Nd5 4. d4 cxd4 5. Nf3 Nc6 6. cxd4 d6 7. exd6 Qxd6 8. Nc3 Bf5 9. Bd3 Bxd3 10. Qxd3 Ndb4 11. Qe2 a6 12. a3 Nd5 13. Ne4 Qc7 14. 0-0 e6 15. Bg5 Bd6 16. Bh4 0-0 17. Nxd6 Qxd6 18. Qe4 Qf4 19. Qd3 Qg4 20. h3 Qxg2+ 21. Kxg2 Nf4+ 22. Kh2 Nxd3 23. Bg3 Rfd8 24. Rfd1 Nxb2 25. Rdb1 Nc4 26. Rxb7 Nxd4 27. Nxd4 Rxd4 28. Rc7 h6 29. a4 Nd2 30. Kg2 Rad8 31. Ra7 Nb3 32. Rb1 Nc5 33. a5 R4d5 34. Bf4 Rf5 35. Be3 Rdd5 36. Rb8+ Kh7 37. Rb6 Nd3 38. Rbxa6 Nxf2 39. Rc6 Nxh3 40. a6 Rd3 41. Kxh3 Rxe3+ 42. Kg2 Ra3 43. Rb7 Kg6 44. a7 Rd5 45. Rc2 f5 46. Kf1 Kf6 47. Rc8 Ra2 48. Ke1 Rda5 49. Rf8+ Ke5 50. Rff7 g5 51. Rfe7 h5 52. Rb6 Rxa7 53. Rexe6+ Kf4 54. Rb4+ Kf3 55. Rb3+ Kg4 56. Rb4+ f4 57. Rg6 Rh2 0-1

[Event "Mittelrhein Regionalliga 1920"]
[Site "Mittelrhein"]
[Date "2019.11.17"]
[Round "3.5"]
[White "Kroener, Alexander"]
[Black "Viganske, Christian"]
[Result "1/2-1/2"]
[WhiteElo "1942"]
[BlackElo "2006"]
[PlyCount "74"]
[EventDate "2019.09.29"]
[EventType "team-tourn"]
[EventRounds "9"]
[EventCountry "GER"]
[SourceTitle "EXT 2023"]
[Source "ChessBase"]
[SourceDate "2022.10.05"]
[SourceVersion "1"]
[SourceVersionDate "2022.10.05"]
[SourceQuality "1"]
[WhiteTeam "Niederkassel II"]
[BlackTeam "Euskirchen Turm"]
[WhiteTeamCountry "GER"]
[BlackTeamCountry "GER"]

1. e4 c5 2. Nf3 d6 3. d4 cxd4 4. Nxd4 Nf6 5. Nc3 g6 6. Be3 Bg7 7. f3 0-0 8. Qd2 Nc6 9. 0-0-0 Nxd4 10. Bxd4 Be6 11. Kb1 a6 12. g4 b5 13. g5 Nh5 14. Bxg7 Nxg7 15. Nd5 Bxd5 16. exd5 Rc8 17. h4 Qb6 18. Bh3 Rc4 19. Bg4 Nh5 20. Bxh5 gxh5 21. f4 Rfc8 22. c3 b4 23. cxb4 Qxb4 24. Qxb4 Rxb4 25. Rhf1 Rcc4 26. a3 Rb5 27. f5 Rxh4 28. f6 exf6 29. Rxf6 Rh2 30. b4 a5 31. Rxd6 axb4 32. Rd8+ Kg7 33. a4 Rc5 34. Rb8 Rcc2 35. Rxb4 Rcd2 36. Rd4 Rb2+ 37. Ka1 Ra2+ 1/2-1/2

[Event "Mittelrhein Regionalliga 18/19"]
[Site "Nordrheinwestfalen"]
[Date "2019.05.05"]
[Round "10.3"]
[White "Viganske, Christian"]
[Black "Lambertz, Michael"]
[Result "0-1"]
[WhiteElo "2054"]
[BlackElo "2015"]
[PlyCount "84"]
[EventDate "2018.10.28"]
[EventType "team-tourn"]
[EventRounds "11"]
[EventCountry "GER"]
[SourceTitle "EXT 2022"]
[Source "ChessBase"]
[SourceDate "2021.10.06"]
[SourceVersion "1"]
[SourceVersionDate "2021.10.06"]
[SourceQuality "1"]
[WhiteTeam "Euskirchen Turm"]
[BlackTeam "Koeln Ford SF"]
[WhiteTeamCountry "GER"]
[BlackTeamCountry "GER"]

1. e4 e5 2. Nf3 Nc6 3. d4 exd4 4. Nxd4 Bb4+ 5. c3 Bc5 6. Be3 Bb6 7. Bc4 Nf6 8. Nd2 Nxd4 9. Bxd4 Bxd4 10. cxd4 d5 11. exd5 Nxd5 12. 0-0 0-0 13. Nf3 Bg4 14. Rc1 c6 15. Re1 Qd6 16. h3 Bh5 17. g4 Bg6 18. Ne5 Rad8 19. Nxg6 Qxg6 20. Bxd5 Rxd5 21. Rc5 Rd7 22. Rce5 Qd6 23. a3 g6 24. Kg2 Kg7 25. g5 f6 26. gxf6+ Rxf6 27. Qe2 Rdf7 28. Re7 Qd5+ 29. f3 Rxf3 30. Rxf7+ Rxf7+ 31. Qe4 Qg5+ 32. Qg4 Qxg4+ 33. hxg4 Kf6 34. Kg3 Re7 35. Rf1+ Ke6 36. Kh4 Kd5 37. Rf4 a5 38. Kg5 b5 39. Kf6 Re4 40. Rf2 Rxg4 41. Rh2 h5 42. Rc2 h4 0-1

[Event "Mittelrhein Regionalliga 18/19"]
[Site "Nordrheinwestfalen"]
[Date "2018.12.16"]
[Round "5.3"]
[White "Viganske, Christian"]
[Black "Graf, Peter"]
[Result "0-1"]
[WhiteElo "2049"]
[BlackElo "1953"]
[PlyCount "98"]
[EventDate "2018.10.28"]
[EventType "team-tourn"]
[EventRounds "11"]
[EventCountry "GER"]
[SourceTitle "EXT 2022"]
[Source "ChessBase"]
[SourceDate "2021.10.06"]
[SourceVersion "1"]
[SourceVersionDate "2021.10.06"]
[SourceQuality "1"]
[WhiteTeam "Euskirchen Turm"]
[BlackTeam "Koeln SF II"]
[WhiteTeamCountry "GER"]
[BlackTeamCountry "GER"]

1. g4 e5 2. Bg2 Nc6 3. c4 d6 4. h3 h5 5. gxh5 Nf6 6. d3 Nxh5 7. Nc3 Nd4 8. Nf3 c6 9. e4 Ne6 10. Ne2 Qf6 11. Be3 Nef4 12. Nxf4 Nxf4 13. Bxf4 Qxf4 14. Qd2 Qxd2+ 15. Kxd2 g6 16. Ke2 Be7 17. a3 Bd7 18. b4 0-0-0 19. Rac1 Rh5 20. d4 exd4 21. Nxd4 Rdh8 22. Rc3 Bf6 23. Rd3 Kc7 24. Nb3 Be6 25. Nd2 Bg5 26. Rc3 Bf4 27. Nf1 Be5 28. Rc2 Bxh3 29. Bxh3 Rxh3 30. Rxh3 Rxh3 31. Ne3 Bd4 32. f3 Rh1 33. Kd3 Be5 34. c5 Rh2 35. cxd6+ Bxd6 36. Ng2 a5 37. Kc3 axb4+ 38. axb4 Rh3 39. Rf2 Kb6 40. Kc4 Rh1 41. Ne3 Rb1 42. Nc2 g5 43. Rd2 Kc7 44. Rd3 Be5 45. Nd4 b5+ 46. Kc3 Kb6 47. Rd2 Rf1 48. Kd3 Bxd4 49. Kxd4 Rxf3 0-1

[Event "Mittelrhein Regionalliga 18/19"]
[Site "Nordrheinwestfalen"]
[Date "2018.09.30"]
[Round "2.3"]
[White "Frost, Andreas"]
[Black "Viganske, Christian"]
[Result "0-1"]
[WhiteElo "1908"]
[BlackElo "2049"]
[PlyCount "122"]
[EventDate "2018.10.28"]
[EventType "team-tourn"]
[EventRounds "11"]
[EventCountry "GER"]
[SourceTitle "EXT 2022"]
[Source "ChessBase"]
[SourceDate "2021.10.06"]
[SourceVersion "1"]
[SourceVersionDate "2021.10.06"]
[SourceQuality "1"]
[WhiteTeam "Wuerselen"]
[BlackTeam "Euskirchen Turm"]
[WhiteTeamCountry "GER"]
[BlackTeamCountry "GER"]

1. g3 c5 2. Bg2 Nc6 3. c4 g6 4. Nc3 Bg7 5. Nf3 d6 6. 0-0 e5 7. d3 Nge7 8. a3 Bg4 9. Rb1 a5 10. Bd2 Qd7 11. b3 h5 12. h4 0-0 13. Nd5 Nxd5 14. cxd5 Ne7 15. b4 axb4 16. axb4 Nxd5 17. Ng5 Nxb4 18. Bxb4 cxb4 19. Rxb4 Ra7 20. Qb3 Bxe2 21. Rb1 Bg4 22. Bd5 Bf6 23. Ne4 Be7 24. Rxb7 Rxb7 25. Qxb7 Rd8 26. Bc6 Qxb7 27. Rxb7 Kf8 28. Bd5 Be6 29. Bxe6 fxe6 30. Ng5 Bxg5 31. hxg5 Re8 32. f3 Re7 33. Rb8+ Kg7 34. Rd8 d5 35. Kf2 Ra7 36. f4 Ra2+ 37. Kf3 Ra3 38. fxe5 Rxd3+ 39. Kf2 Rd4 40. Rd7+ Kf8 41. Ra7 Re4 42. Ra8+ Ke7 43. Ra7+ Kd8 44. Ra8+ Kd7 45. Ra7+ Kc8 46. Rg7 Rxe5 47. Rxg6 Rf5+ 48. Ke3 Kd7 49. Rg8 Ke7 50. g6 Kf6 51. g7 Rg5 52. Kf4 Rg4+ 53. Kf3 Rxg7 54. Rh8 Rg5 55. Rh6+ Ke5 56. Rh8 d4 57. Rd8 Rf5+ 58. Ke2 Ke4 59. Rd6 e5 60. Rd8 d3+ 61. Ke1 Ke3 0-1

[Event "Mittelrhein Verbandsliga-S 17/18"]
[Site "Nordrheinwestfalen"]
[Date "2018.02.25"]
[Round "8.3"]
[White "Thiemonds, Uli"]
[Black "Viganske, Christian"]
[Result "0-1"]
[WhiteElo "2045"]
[BlackElo "2015"]
[PlyCount "54"]
[EventDate "2017.09.10"]
[EventType "team-tourn"]
[EventRounds "11"]
[EventCountry "GER"]
[SourceTitle "EXT 2022"]
[Source "ChessBase"]
[SourceDate "2021.10.06"]
[SourceVersion "1"]
[SourceVersionDate "2021.10.06"]
[SourceQuality "1"]
[WhiteTeam "Porz SG III"]
[BlackTeam "Euskirchen Turm"]
[WhiteTeamCountry "GER"]
[BlackTeamCountry "GER"]

1. e4 c5 2. c3 d5 3. exd5 Qxd5 4. d4 Nf6 5. Nf3 Bg4 6. Be2 e6 7. Na3 Be7 8. 0-0 0-0 9. Nc2 Nc6 10. Ne3 Qd7 11. Nxg4 Nxg4 12. Bf4 Rfd8 13. dxc5 Bxc5 14. Qb3 Qe7 15. h3 Nf6 16. Bg5 Bb6 17. Bb5 Rd5 18. Qa4 Ne5 19. Nxe5 Rxe5 20. Bh4 Qc5 21. Bxf6 gxf6 22. Bd3 Kg7 23. Qh4 Rg8 24. Kh1 Rh5 25. Qf4 Bc7 26. Qd4 Qg5 27. f4 Qg3 0-1

[Event "Mittelrhein Verbandsliga-O 16/17"]
[Site "Nordrheinwestfalen"]
[Date "2017.04.09"]
[Round "10.3"]
[White "Wagner, Rainer"]
[Black "Viganske, Christian"]
[Result "1/2-1/2"]
[WhiteElo "2023"]
[BlackElo "1964"]
[PlyCount "37"]
[EventDate "2016.09.11"]
[EventType "team-tourn"]
[EventRounds "11"]
[EventCountry "GER"]
[SourceTitle "EXT 2022"]
[Source "ChessBase"]
[SourceDate "2021.10.06"]
[SourceVersion "1"]
[SourceVersionDate "2021.10.06"]
[SourceQuality "1"]
[WhiteTeam "Bonn Stadtverwaltung"]
[BlackTeam "Euskirchen Turm"]
[WhiteTeamCountry "GER"]
[BlackTeamCountry "GER"]

1. d4 f5 2. Nc3 g6 3. e4 fxe4 4. Nxe4 Bg7 5. h4 Nf6 6. Nxf6+ Bxf6 7. h5 d5 8. hxg6 hxg6 9. Rxh8+ Bxh8 10. Bd3 Qd6 11. c3 Nc6 12. Qc2 Kf7 13. Nf3 e5 14. dxe5 Nxe5 15. Nxe5+ Bxe5 16. Be3 Bg4 17. Be2 Bf5 18. Bd3 Bg4 19. Be2 1/2-1/2

[Event "Mittelrhein Verbandsliga-O 16/17"]
[Site "Nordrheinwestfalen"]
[Date "2017.01.08"]
[Round "6"]
[White "Viganske, Christian"]
[Black "Vogel, Ulrich"]
[Result "0-1"]
[WhiteElo "1964"]
[BlackElo "2036"]
[PlyCount "80"]
[EventDate "2016.09.11"]
[EventType "team-tourn"]
[EventRounds "11"]
[EventCountry "GER"]
[SourceTitle "EXT 2022"]
[Source "ChessBase"]
[SourceDate "2021.10.06"]
[SourceVersion "1"]
[SourceVersionDate "2021.10.06"]
[SourceQuality "1"]
[WhiteTeam "Euskirchen Turm"]
[BlackTeam "Kalker/Deutzer SG"]
[WhiteTeamCountry "GER"]
[BlackTeamCountry "GER"]

1. e4 c6 2. d4 d5 3. f3 dxe4 4. fxe4 e5 5. Nf3 Bg4 6. Bc4 Nd7 7. 0-0 Ngf6 8. c3 Bd6 9. Qb3 0-0 10. Bg5 Bxf3 11. Rxf3 exd4 12. cxd4 b5 13. Bd3 Qb6 14. Kh1 Qxd4 15. Be3 Qe5 16. Bf4 Qc5 17. Nd2 Bxf4 18. Rxf4 Qe3 19. Raf1 Qxd2 20. Bb1 Ne5 21. R4f2 Qh6 22. Qg3 Ng6 23. e5 Nh5 24. Qh3 Rae8 25. Bxg6 hxg6 26. g4 Rxe5 27. gxh5 Qxh5 28. Qxh5 gxh5 29. Rc2 c5 30. Rd1 Rfe8 31. Rdd2 R8e6 32. Kg2 g5 33. Kf2 Kg7 34. Rd7 a6 35. Kf1 Kg6 36. Ra7 c4 37. Rd2 Rc5 38. Rf2 f6 39. Rc2 h4 40. Ra8 h3 0-1

[Event "Mittelrhein Verbandsliga-O 16/17"]
[Site "Nordrheinwestfalen"]
[Date "2016.12.18"]
[Round "5"]
[White "Viganske, Christian"]
[Black "Hilpert, Rainer"]
[Result "1-0"]
[WhiteElo "1964"]
[BlackElo "1939"]
[PlyCount "89"]
[EventDate "2016.09.11"]
[EventType "team-tourn"]
[EventRounds "11"]
[EventCountry "GER"]
[SourceTitle "EXT 2022"]
[Source "ChessBase"]
[SourceDate "2021.10.06"]
[SourceVersion "1"]
[SourceVersionDate "2021.10.06"]
[SourceQuality "1"]
[WhiteTeam "Euskirchen Turm"]
[BlackTeam "Rheinbacher SF"]
[WhiteTeamCountry "GER"]
[BlackTeamCountry "GER"]

1. e4 c6 2. d4 d5 3. f3 e6 4. Nc3 Bb4 5. Bf4 Ne7 6. Qd3 Ng6 7. Bg3 Nd7 8. Nge2 0-0 9. h4 f5 10. exf5 exf5 11. h5 Ne7 12. 0-0-0 Nb6 13. Be5 Be6 14. Nf4 Bf7 15. Qe3 Re8 16. Nd3 Bd6 17. Qg5 Bxe5 18. Nxe5 Qd6 19. Bd3 Qh6 20. Qxh6 gxh6 21. Rde1 Kg7 22. Re2 Nc4 23. Nxf7 Kxf7 24. Bxc4 dxc4 25. Re5 Rg8 26. Rhe1 Rae8 27. R1e2 Rg5 28. f4 Rgg8 29. Kd2 Rg4 30. g3 Rgg8 31. Ke1 b5 32. Kf2 b4 33. Na4 Nd5 34. Rxf5+ Nf6 35. Nc5 Rxe2+ 36. Kxe2 Re8+ 37. Kf3 Kg7 38. Re5 Rxe5 39. dxe5 Nd5 40. f5 a5 41. Ne6+ Kg8 42. Nd8 a4 43. Nxc6 b3 44. cxb3 axb3 45. axb3 1-0

[Event "Mittelrhein Verbandsliga-O 15/16"]
[Site "Nordrheinwestfalen"]
[Date "2016.05.01"]
[Round "11"]
[White "Viganske, Christian"]
[Black "Wahl, Felix"]
[Result "1-0"]
[WhiteElo "2011"]
[BlackElo "2017"]
[PlyCount "67"]
[EventDate "2015.09.06"]
[EventType "team-tourn"]
[EventRounds "11"]
[EventCountry "GER"]
[SourceTitle "EXT 2022"]
[Source "ChessBase"]
[SourceDate "2021.10.06"]
[SourceVersion "1"]
[SourceVersionDate "2021.10.06"]
[SourceQuality "1"]
[WhiteTeam "Euskirchen Turm"]
[BlackTeam "Bonn Stadtverwaltung"]
[WhiteTeamCountry "GER"]
[BlackTeamCountry "GER"]

1. g4 d5 2. Bg2 c6 3. h3 e5 4. d4 e4 5. c4 Be6 6. Nc3 Qd7 7. Bf4 Ne7 8. e3 f5 9. gxf5 Nxf5 10. f3 Nh4 11. Bf1 exf3 12. Nxf3 Nxf3+ 13. Qxf3 dxc4 14. 0-0-0 Na6 15. d5 cxd5 16. Nxd5 Qc6 17. Bg2 0-0-0 18. Qh5 Qe8 19. Qf3 Qc6 20. Qh5 Qe8 21. Qe2 Qa4 22. Nc3 Qa5 23. Rxd8+ Qxd8 24. Rd1 Qb6 25. Bd5 Bc5 26. Qxc4 Bxd5 27. Rxd5 Qc6 28. Qe4 Re8 29. Qf5+ Re6 30. Re5 Kd7 31. Qf7+ Be7 32. Rd5+ Kc8 33. Qg8+ Bf8 34. Qxf8+ 1-0

[Event "Mittelrhein Verbandsliga-O 15/16"]
[Site "Nordrheinwestfalen"]
[Date "2015.12.13"]
[Round "5"]
[White "Viganske, Christian"]
[Black "Schlicht, Markus"]
[Result "1/2-1/2"]
[WhiteElo "2000"]
[BlackElo "1892"]
[PlyCount "94"]
[EventDate "2015.09.06"]
[EventType "team-tourn"]
[EventRounds "11"]
[EventCountry "GER"]
[SourceTitle "EXT 2022"]
[Source "ChessBase"]
[SourceDate "2021.10.06"]
[SourceVersion "1"]
[SourceVersionDate "2021.10.06"]
[SourceQuality "1"]
[WhiteTeam "Euskirchen Turm"]
[BlackTeam "Bruehl III"]
[WhiteTeamCountry "GER"]
[BlackTeamCountry "GER"]

1. e4 c6 2. d4 d5 3. f3 g6 4. Bf4 Bg7 5. c3 f6 6. Qb3 Nh6 7. exd5 cxd5 8. Bxb8 Rxb8 9. Bb5+ Kf7 10. Ne2 Qd6 11. Nd2 e6 12. 0-0 Nf5 13. f4 Bd7 14. Bd3 b5 15. Rf3 Bc6 16. a3 a5 17. g4 Nh6 18. h3 Rhe8 19. Ng3 Kg8 20. Qc2 Re7 21. Re1 e5 22. fxe5 fxe5 23. dxe5 Bxe5 24. Kg2 Nf7 25. h4 Rbe8 26. Ref1 Bxg3 27. Rxg3 Ne5 28. Kh3 Bd7 29. Be2 Nc4 30. Bxc4 dxc4 31. Nf3 Re2 32. Qd1 Qxd1 33. Rxd1 Bc8 34. Rg2 Rxg2 35. Kxg2 Bxg4 36. Rd2 Bxf3+ 37. Kxf3 Re5 38. Rd7 h6 39. Rb7 g5 40. hxg5 Rxg5 41. Kf4 Kf8 42. Kf3 Ke8 43. Ke3 Kd8 44. Kd4 Kc8 45. Rb6 Rh5 46. a4 Kc7 47. Ra6 Rh4+ 1/2-1/2

[Event "Mittelrhein Verbandsliga-O 15/16"]
[Site "Nordrheinwestfalen"]
[Date "2015.11.15"]
[Round "4"]
[White "Kolkin, Michail"]
[Black "Viganske, Christian"]
[Result "1-0"]
[WhiteElo "2356"]
[BlackElo "2014"]
[PlyCount "69"]
[EventDate "2015.09.06"]
[EventType "team-tourn"]
[EventRounds "11"]
[EventCountry "GER"]
[SourceTitle "EXT 2022"]
[Source "ChessBase"]
[SourceDate "2021.10.06"]
[SourceVersion "1"]
[SourceVersionDate "2021.10.06"]
[SourceQuality "1"]
[WhiteTeam "Siegburg"]
[BlackTeam "Euskirchen Turm"]
[WhiteTeamCountry "GER"]
[BlackTeamCountry "GER"]

1. Nf3 f5 2. d3 d6 3. e4 e5 4. Nc3 Nf6 5. exf5 Bxf5 6. d4 exd4 7. Nxd4 Bd7 8. Bg5 Nc6 9. Qe2+ Qe7 10. 0-0-0 0-0-0 11. Qd2 Qe5 12. Ndb5 a6 13. f4 Qc5 14. Na4 Qf5 15. Bd3 Qe6 16. Nbc3 Nb4 17. Rhe1 Nxd3+ 18. Qxd3 Qg4 19. Qc4 Bc6 20. Qd4 Kb8 21. Nc5 Re8 22. Bxf6 gxf6 23. Rxe8+ Bxe8 24. Qxf6 Bg7 25. Qd8+ Ka7 26. Qxc7 Qxf4+ 27. Kb1 Qf7 28. Qxd6 Bxc3 29. bxc3 Bc6 30. Ne6 Qh5 31. Qd4+ b6 32. Nd8 Qb5+ 33. Ka1 Re8 34. Rb1 Re1 35. Nxc6+ 1-0

[Event "Mittelrhein Verbandsliga-O 15/16"]
[Site "Nordrheinwestfalen"]
[Date "2015.09.06"]
[Round "1"]
[White "Viganske, Christian"]
[Black "Luett, Michael"]
[Result "0-1"]
[WhiteElo "2014"]
[BlackElo "1950"]
[PlyCount "86"]
[EventDate "2015.09.06"]
[EventType "team-tourn"]
[EventRounds "11"]
[EventCountry "GER"]
[SourceTitle "EXT 2022"]
[Source "ChessBase"]
[SourceDate "2021.10.06"]
[SourceVersion "1"]
[SourceVersionDate "2021.10.06"]
[SourceQuality "1"]
[WhiteTeam "Euskirchen Turm"]
[BlackTeam "Troisdorf"]
[WhiteTeamCountry "GER"]
[BlackTeamCountry "GER"]

1. e4 e5 2. Nf3 Nc6 3. d4 exd4 4. Nxd4 Nf6 5. Nxc6 bxc6 6. Bd3 d5 7. e5 Ng4 8. 0-0 Bc5 9. Qf3 Qe7 10. Bd2 Nxe5 11. Qg3 Nxd3 12. Qxd3 0-0 13. Bc3 Qg5 14. Nd2 Bf5 15. Qg3 Qxg3 16. hxg3 Rfe8 17. Rfe1 Bb6 18. Nf3 c5 19. Ne5 Bxc2 20. a4 f6 21. a5 fxe5 22. Bxe5 d4 23. axb6 cxb6 24. f4 d3 25. Bc3 Rxe1+ 26. Rxe1 Kf7 27. Kf2 b5 28. Re5 b4 29. Rf5+ Ke6 30. Re5+ Kd7 31. Bd2 Re8 32. Rxe8 Kxe8 33. Ke3 Kd7 34. Ke4 Kd6 35. g4 a5 36. f5 a4 37. Bf4+ Kc6 38. Ke3 Kd5 39. Kd2 c4 40. g5 Kd4 41. Be3+ Ke5 42. g4 a3 43. bxa3 c3+ 0-1

[Event "Mittelrhein Verbandsliga Ost 1415"]
[Site "Mittelrhein"]
[Date "2014.11.09"]
[Round "4.6"]
[White "Viganske, Christian"]
[Black "Solzbacher, Thomas"]
[Result "1-0"]
[WhiteElo "1956"]
[BlackElo "1861"]
[PlyCount "71"]
[EventDate "2014.09.07"]
[EventType "team-tourn"]
[EventRounds "11"]
[EventCountry "GER"]
[SourceTitle "EXT 2023"]
[Source "ChessBase"]
[SourceDate "2022.10.05"]
[SourceVersion "1"]
[SourceVersionDate "2022.10.05"]
[SourceQuality "1"]
[WhiteTeam "Euskirchen Turm"]
[BlackTeam "Siebengebirge"]
[WhiteTeamCountry "GER"]
[BlackTeamCountry "GER"]

1. e4 d5 2. Nc3 dxe4 3. Nxe4 Bf5 4. Qf3 Bxe4 5. Qxe4 c6 6. Bc4 Nf6 7. Qe2 e6 8. Nf3 Bd6 9. d4 Nbd7 10. 0-0 0-0 11. Bg5 Qc7 12. Rfe1 a6 13. Rad1 Rae8 14. Ne5 Nd5 15. Bd3 Nb4 16. Qg4 Nxd3 17. Bh6 Bxe5 18. dxe5 g6 19. Rxd3 f5 20. Qd4 Rf7 21. f4 Nb6 22. Red1 Rd7 23. Qxd7 Nxd7 24. Rxd7 Qb6+ 25. Kf1 Kh8 26. Bg7+ Kg8 27. Bf6 Qb5+ 28. Kf2 Qxb2 29. Rg7+ Kf8 30. Rdd7 Qxc2+ 31. Kg3 Re7 32. Rgxe7 Qc3+ 33. Kh4 Qe1+ 34. g3 g5+ 35. Kxg5 Qa5 36. Rxh7 1-0

[Event "Mittelrhein Verbandsliga Ost 1415"]
[Site "Mittelrhein"]
[Date "2014.10.19"]
[Round "3.6"]
[White "Viganske, Christian"]
[Black "Weber, Meikel"]
[Result "1-0"]
[WhiteElo "1956"]
[BlackElo "1964"]
[PlyCount "59"]
[EventDate "2014.09.07"]
[EventType "team-tourn"]
[EventRounds "11"]
[EventCountry "GER"]
[SourceTitle "EXT 2023"]
[Source "ChessBase"]
[SourceDate "2022.10.05"]
[SourceVersion "1"]
[SourceVersionDate "2022.10.05"]
[SourceQuality "1"]
[WhiteTeam "Euskirchen Turm"]
[BlackTeam "Bonn Stadtverwaltung"]
[WhiteTeamCountry "GER"]
[BlackTeamCountry "GER"]

1. e4 e5 2. Nf3 Nc6 3. d4 exd4 4. Nxd4 Nf6 5. Nxc6 bxc6 6. Bd3 d5 7. e5 Ng4 8. 0-0 Bc5 9. Qe2 Qe7 10. Bf4 g5 11. Bd2 Nxe5 12. Re1 Nxd3 13. Qxd3 Be6 14. Bc3 f6 15. Qe2 Kd7 16. b4 Bd6 17. Nd2 Rae8 18. a3 Qf7 19. Nb3 Rhf8 20. Qa6 Qh5 21. g3 d4 22. Bxd4 Bd5 23. c4 Be4 24. Nd2 Bd3 25. b5 cxb5 26. cxb5 Re2 27. Qc6+ Kd8 28. b6 axb6 29. Bxb6 Rxd2 30. Qxd6+ 1-0

[Event "Mittelrhein Verbandsliga Ost 1314"]
[Site "Mittelrhein"]
[Date "2014.01.19"]
[Round "6.5"]
[White "Gohr, Aron"]
[Black "Viganske, Christian"]
[Result "1-0"]
[WhiteElo "1941"]
[BlackElo "1977"]
[PlyCount "47"]
[EventDate "2013.09.15"]
[EventType "team-tourn"]
[EventRounds "11"]
[EventCountry "GER"]
[SourceTitle "EXT 2023"]
[Source "ChessBase"]
[SourceDate "2022.10.05"]
[SourceVersion "1"]
[SourceVersionDate "2022.10.05"]
[SourceQuality "1"]
[WhiteTeam "Godesberg IV"]
[BlackTeam "Euskirchen Turm"]
[WhiteTeamCountry "GER"]
[BlackTeamCountry "GER"]

1. Nc3 c5 2. e4 Nc6 3. Nf3 g6 4. Bc4 Bg7 5. d3 d6 6. Be3 Rb8 7. Qd2 Bg4 8. Ng5 Ne5 9. Bb3 h6 10. f3 Bd7 11. f4 hxg5 12. fxe5 Bxe5 13. 0-0-0 b5 14. Rdf1 e6 15. d4 cxd4 16. Bxd4 a5 17. Bxe5 dxe5 18. Qd6 a4 19. Nd5 f6 20. Nc7+ Kf7 21. Nxe6 Qc8 22. Nxg5+ Kg7 23. Bxg8 Kxg8 24. Rxf6 1-0

[Event "Mittelrhein Verbandsliga Ost 1314"]
[Site "Mittelrhein"]
[Date "2013.09.15"]
[Round "1.6"]
[White "Laeufer, Juergen"]
[Black "Viganske, Christian"]
[Result "0-1"]
[WhiteElo "1751"]
[BlackElo "1960"]
[PlyCount "84"]
[EventDate "2013.09.15"]
[EventType "team-tourn"]
[EventRounds "11"]
[EventCountry "GER"]
[SourceTitle "EXT 2023"]
[Source "ChessBase"]
[SourceDate "2022.10.05"]
[SourceVersion "1"]
[SourceVersionDate "2022.10.05"]
[SourceQuality "1"]
[WhiteTeam "Bergische SF II"]
[BlackTeam "Euskirchen Turm"]
[WhiteTeamCountry "GER"]
[BlackTeamCountry "GER"]

1. Nf3 f5 2. d4 Nf6 3. c4 d6 4. Nc3 g6 5. b3 Bg7 6. Bb2 0-0 7. e3 Nc6 8. Be2 e5 9. 0-0 e4 10. Nd2 Qe7 11. Qc2 f4 12. exf4 Nxd4 13. Qd1 e3 14. Nf3 exf2+ 15. Rxf2 Nf5 16. Qd2 Ne3 17. Re1 Neg4 18. Rff1 Qe3+ 19. Kh1 Nf2+ 20. Rxf2 Qxf2 21. Na4 Ng4 22. Bxg7 Kxg7 23. h3 Nf6 24. Kh2 Ne4 25. Qb2+ Kh6 26. Bd3 Qxb2 27. Nxb2 Nc5 28. g3 Nxd3 29. Nxd3 Bf5 30. Nf2 Rae8 31. Rc1 Re2 32. Kg1 Rfe8 33. g4 Bd7 34. a4 Bc6 35. Nd4 Re1+ 36. Rxe1 Rxe1+ 37. Kh2 Rb1 38. Kg3 Kg7 39. f5 g5 40. Nd3 Be4 41. Ne6+ Kf6 42. Nb4 Rxb3+ 0-1

[Event "Verbandsliga Mittelrhein-Ost 1213"]
[Site "Germany"]
[Date "2013.05.05"]
[Round "10.3"]
[White "Schneider, Gerd"]
[Black "Viganske, Christian"]
[Result "1-0"]
[WhiteElo "2011"]
[BlackElo "1984"]
[PlyCount "87"]
[EventDate "2012.09.09"]
[EventType "team"]
[EventRounds "11"]
[EventCountry "GER"]
[SourceTitle "EXT 2015"]
[Source "ChessBase"]
[SourceDate "2014.11.20"]
[SourceVersion "1"]
[SourceVersionDate "2014.11.20"]
[SourceQuality "1"]
[WhiteTeam "Niederkassel II"]
[BlackTeam "Euskirchen Turm"]
[WhiteTeamCountry "GER"]
[BlackTeamCountry "GER"]

1. Nf3 f5 2. d3 Nf6 3. e4 fxe4 4. dxe4 Nxe4 5. Bd3 d5 6. Bxe4 dxe4 7. Qxd8+ Kxd8 8. Ng5 Ke8 9. Nc3 g6 10. Bf4 Bg7 11. Ngxe4 c6 12. 0-0-0 Rf8 13. Bg3 Kf7 14. Rhe1 Kg8 15. f3 Na6 16. Bh4 Bf6 17. Nxf6+ exf6 18. Ne4 g5 19. Bf2 Bf5 20. Nd6 Bg6 21. Nxb7 Nb4 22. a3 Nxc2 23. Re7 Na1 24. Nc5 Rfe8 25. Rdd7 Bf5 26. Rxa7 Rxa7 27. Rxe8+ Kf7 28. Rd8 Re7 29. g4 Be6 30. Nxe6 Rxe6 31. Kd2 Nb3+ 32. Kc3 Re2 33. Bg3 Nc5 34. b4 Ne6 35. Rd7+ Ke8 36. Rd6 Ke7 37. Rxc6 Re3+ 38. Kb2 Rxf3 39. a4 Kd7 40. Rc4 Rd3 41. a5 Nd4 42. a6 Nb5 43. a7 Ra3 44. Rc5 1-0

[Event "Verbandsliga Mittelrhein-Ost 1213"]
[Site "Germany"]
[Date "2012.09.09"]
[Round "1.3"]
[White "Fischer, Oliver"]
[Black "Viganske, Christian"]
[Result "1/2-1/2"]
[WhiteElo "1970"]
[BlackElo "1984"]
[PlyCount "29"]
[EventDate "2012.09.09"]
[EventType "team"]
[EventRounds "11"]
[EventCountry "GER"]
[SourceTitle "EXT 2015"]
[Source "ChessBase"]
[SourceDate "2014.11.20"]
[SourceVersion "1"]
[SourceVersionDate "2014.11.20"]
[SourceQuality "1"]
[WhiteTeam "Bruehl II"]
[BlackTeam "Euskirchen Turm"]
[WhiteTeamCountry "GER"]
[BlackTeamCountry "GER"]

1. e4 c5 2. Nc3 Nc6 3. f4 g6 4. Nf3 Bg7 5. Bb5 Nd4 6. 0-0 a6 7. Bd3 d6 8. Ne2 Nxf3+ 9. Rxf3 Bg4 10. Rf1 d5 11. exd5 Qxd5 12. h3 Bd4+ 13. Kh2 h5 14. c3 Bf6 15. Qa4+ 1/2-1/2